| 000 | 00547nam a2200181Ia 4500 | ||
|---|---|---|---|
| 008 | 100917s9999 xx 000 0 und d | ||
| 082 | _b41535 | ||
| 100 | _aफडणीस केशव रा. | ||
| 245 | _aसमुद्रपक्षी | ||
| 260 |
_bइंद्रायणी साहित्य _c1976 |
||
| 300 | _a24 | ||
| 365 | _b1 | ||
| 520 | _aबालविभाग | ||
| 630 | _aसमुद्रपक्षी | ||
| 650 | _aबालविभाग | ||
| 730 | _aसमुद्रपक्षी | ||
| 942 | _cBOOK | ||
| 999 |
_c646929 _d646926 |
||